| 000 -LEADER |
| fixed length control field |
00526nam a2200169Ia 4500 |
| 008 - FIXED-LENGTH DATA ELEMENTS--GENERAL INFORMATION |
| fixed length control field |
190805s9999||||xx |||||||||||||| ||und|| |
| 020 ## - INTERNATIONAL STANDARD BOOK NUMBER |
| International Standard Book Number |
9788126554232 |
| Terms of availability |
Rs. 809.00 |
| 082 04 - DEWEY DECIMAL CLASSIFICATION NUMBER |
| Classification number |
510.2462 |
| Item number |
K889 |
| 100 1# - MAIN ENTRY--PERSONAL NAME |
| Personal name |
Kreyszig, Erwin |
| 245 10 - TITLE STATEMENT |
| Title |
Advanced Engineering Mathematics / |
| 250 ## - EDITION STATEMENT |
| Edition statement |
10th ed. |
| 260 ## - PUBLICATION, DISTRIBUTION, ETC. (IMPRINT) |
| Place of publication, distribution, etc |
New Delhi : |
| Name of publisher, distributor, etc |
Wiley India Pvt. Ltd, |
| Date of publication, distribution, etc |
2011, reprinted 2016 |
| 300 ## - PHYSICAL DESCRIPTION |
| Extent |
xv, 127 p. |
| Other physical details |
: ill. |
| Dimensions |
; 25 cm. |
| 650 #0 - SUBJECT ADDED ENTRY--TOPICAL TERM |
| Topical term or geographic name as entry element |
Engineering mathematics |
| Form subdivision |
Textbooks |
| 852 ## - LOCATION/CALL NUMBER |
| Location |
|
| 942 ## - ADDED ENTRY ELEMENTS (KOHA) |
| Item type |
Books |